书目信息 |
| 题名: |
中国传统家庭形态及家庭教育
|
|
| 作者: | 李润强 著 | |
| 分册: | ||
| 出版信息: | 北京 人民出版社 2008.09 |
|
| 页数: | 274页 | |
| 开本: | 21cm | |
| 丛书名: | ||
| 单 册: | ||
| 中图分类: | D691.91 , G78 | |
| 科图分类: | ||
| 主题词: | 血缘家庭--研究--中国--隋唐时代 , 血缘家庭--研究--中国--五代 , 家庭教育--研究--中国--隋唐时代 , 家庭教育--研究--中国--五代 , 血缘家庭 , 家庭教育 | |
| 电子资源: | ||
| ISBN: | 978-7-01-007328-6 | |
| 000 | 01031nam0 2200301 450 | |
| 001 | 010010019438 | |
| 005 | 20120618152220.48 | |
| 010 | @a978-7-01-007328-6@dCNY18.00 | |
| 100 | @a20081021d2008 em y0chiy0110 ea | |
| 101 | 0 | @achi |
| 102 | @aCN@b110000 | |
| 105 | @ak z 000yy | |
| 106 | @ar | |
| 200 | 1 | @a中国传统家庭形态及家庭教育@9zhong guo chuan tong jia ting xing tai ji jia ting jiao yu@e以隋唐五代家庭为中心@f李润强著 |
| 210 | @a北京@c人民出版社@d2008.09 | |
| 215 | @a274页@d21cm | |
| 330 | @a本书内容包括:依养外亲家庭形态考察、大家庭的结构及构成原因分析、妇女归宗与家庭结构的关系、传统家庭男女婚龄考察、传统家庭的分家财产等。 | |
| 606 | 0 | @a血缘家庭@x研究@y中国@z隋唐时代 |
| 606 | 0 | @a血缘家庭@x研究@y中国@z五代 |
| 606 | 0 | @a家庭教育@x研究@y中国@z隋唐时代 |
| 606 | 0 | @a家庭教育@x研究@y中国@z五代 |
| 606 | 0 | @a血缘家庭 |
| 606 | 0 | @a家庭教育 |
| 690 | @aD691.91@v4 | |
| 690 | @aG78@v4 | |
| 701 | 0 | @a李润强@9li run qiang@4著 |
| 801 | 0 | @aCN@bRENTIAN@c20081021 |
| 905 | @b539293-97@dD691.91@e179@f5 | |
| 中国传统家庭形态及家庭教育:以隋唐五代家庭为中心/李润强著.-北京:人民出版社,2008.09 |
| 274页;21cm |
| ISBN 978-7-01-007328-6:CNY18.00 |
| 本书内容包括:依养外亲家庭形态考察、大家庭的结构及构成原因分析、妇女归宗与家庭结构的关系、传统家庭男女婚龄考察、传统家庭的分家财产等。 |
| ● |
| 相关链接 |
|
|
|
|
正题名:中国传统家庭形态及家庭教育
索取号:D691.91/179
 
预约/预借
| 序号 | 登录号 | 条形码 | 馆藏地/架位号 | 状态 | 备注 |
| 1 | 539293 | 205392939 | 第一样本阅览室/ [索取号:D691.91/179] | 在馆 | |
| 2 | 539294 | 205392948 | 第一借阅区/ [索取号:D691.91/179] | 在馆 | |
| 3 | 539295 | 205392957 | 第一借阅区/ [索取号:D691.91/179] | 在馆 | |
| 4 | 539296 | 205392966 | 第一借阅区/ [索取号:D691.91/179] | 在馆 | |
| 5 | 539297 | 205392975 | 第一借阅区/ [索取号:D691.91/179] | 在馆 |